01020nam a2200205 a 450000100060000000300080000600500170001400800410003103500200007204000270009204100090011908200280012810000380015624502520019426000710044630000570051765000790057465000380065370001230069171405BD-RjUL20211209082117.0160616s1988 ii ||||| |||| 00| 0 ben d a(BD-RjUL) 71621 aBD-RjULbben cBD-RjUL aben  223 a954.023 bCHM 1978 aচন্দ্র, সতীশ 10aমুঘল দরবারে দল ও রাজনীতি :b১৭০৭-১৭৪০ /cসতীশ চন্দ্র ; অনুবাদক চন্দ্রিকাপ্রসাদ বন্দ্যোপাধ্যায় aকলকাতা :bকে পি বাগচী,c১৯৭৮ a[১১], ৪৪৪ পৃ. ; c২১ সেমি  aমুঘল ইতিহাস zভারত y১৭০৭-১৭৪০ a Mogul Empirey1707-1740 zIndia  aবন্দ্যোপাধ্যায়, চন্দ্রিকাপ্রসাদ, অনুবাদক